| 000 | 00346nam a22001457a 4500 | ||
|---|---|---|---|
| 008 | 210514b ||||| |||| 00| 0 eng d | ||
| 020 | _a9781439078105 | ||
| 041 | _aeng | ||
| 080 |
_213rd _a334.7 |
||
| 082 | _a334.7 | ||
| 100 | _a55 | ||
| 101 | _aMF | ||
| 245 |
_aFinancial Management theory and Practice _cEugene F. Brigham |
||
| 942 |
_2udc _cBK |
||
| 999 |
_c57351 _d57351 |
||